000 00700cam a22002293a 4500
001 6052
003 PGUSA
005 20140828083127.0
008 040701s2004||||xxu|||||s|||||000 | eng d
040 _aPGUSA
_beng
042 _adc
050 4 _aQL
100 1 _aHornaday, William T.
_q(William Temple),
_d1854-1937
245 1 4 _aThe Minds and Manners of Wild Animals :
_bA Book of Personal Observations
_h[electronic resource] /
_cWilliam T. Hornaday
260 _bProject Gutenberg,
_c2004
506 _aPublic domain in the USA.
516 _aElectronic text
653 _aAnimal behavior
830 0 _aProject Gutenberg
_v6052
856 4 0 _uhttp://www.gutenberg.org/ebooks/6052
942 _cEB
999 _c235380
_d235380